000 00585nam a2200181 i 4500
001 141497
003 ES-MaACL
005 20230906200315.0
007 t|
008 070924s1916 sp ||||1| spa d
100 1 _aVillegas, Baldomero.
_9115202
245 1 0 _aCatecismo de la doctrina cervantina
_b: homenaje al genio /
_cBaldomero Villegas.
260 _aMadrid :
_b[s.n.],
_c1916 (
_fImp. Fortanet)
300 _a110 p. ;
_c21 cm.
600 1 4 _aCervantes Saavedra, Miguel de,
_d1547-1616.
_tDon Quijote de la Mancha
_937612
852 _aES-MaACL
_jF-4306
999 _c141497
_d141497